000 00469nam a2200181Ia 4500
008 090711s9999 xx 000 0 und d
082 _b43607
100 _aओशो रजनीश
245 _aशिवसुत्र
260 _c1977
300 _a115
600 _aओशो रजनीश
630 _aशिवसुत्र
700 _aओशो
700 _aओशो रजनीश
730 _aशिवसुत्र
942 _cBOOK
999 _c285652
_d285652